000 00569nam a2200229Ia 4500
003 OSt
005 20221005115220.0
006 a|||||r|||| 00| 0
007 ta
008 221004b |||||||| |||| 00| 0 tam d
024 _a51751
037 _cTextual
040 _aCRL
_cCRL
_btam
041 _2tam
_atam
082 _aQ62wMCA, 31K4
100 _aPillai Sedu Au.
_9627271
245 0 _aCaldwell iyar saritham
260 _c1964
650 _aRELIGION
942 _hQ62wMCA, 31K4
_cTEXL
_2cc
999 _c1033815
_d1033815